00456 2200193 4500001002100000005001500021008004100036020002200077035001900099041000700118082001000125090001600135100002100151245002000172260002600192300002800218500000600246650001000252INLIS00000000000304020241224112641241224||||||||| | ||| |||| || |  a978-602-9329-36-0 0010-1224003040 aen0 a741.5 a741.5 ANA c0 aAnandeiva Amanda00aCute Matryoshka bMuffin Graphicsc2013 a80 hlm.; ilus.: 23,5 cm a1 0aKomik